000
00269nam a2200109Ia 4500
008
190914s9999||||xx |||||||||||||| ||und||
100
_a
Mian Kamaluddin
245
0
_a
Jamai Rehnomai Mukhzan-e-Adab
260
_a
Karachi
_b
Pakistan Book
_c
2013
300
_a
250
942
_c
BK
999
_c
8522
_d
8522